000 00253nam a22001217a 4500
003 SGT
082 _a080
_bA02C
100 _aCRUVER, BRIAN
245 _aANATOMY OF GREED
260 _bTHE RANDOM HOUSE HP. LTD.
_c2002
300 _a365
942 _2ddc
_cBK
999 _c31904
_d31904